| 000 | 00390nam a22001577a 4500 | ||
|---|---|---|---|
| 003 | LK-CoDNM | ||
| 005 | 20240902142132.0 | ||
| 008 | 240902b |||||||| |||| 00| 0 eng d | ||
| 040 |
_aLK-CoDNM _dLK-CoDNM _eLK-CoDNM |
||
| 041 | _aeng | ||
| 080 |
_aRC _b28 |
||
| 100 | _aUnknown | ||
| 245 | _aEersteshfderling Der Anmer Kingen Oure | ||
| 300 |
_a194p ; 26cm _bHand Writing |
||
| 942 | _cBK | ||
| 999 |
_c150420 _d150420 |
||